000 00334nam a2200157Ia 4500
100 _aHandel/R & others/ Huber/ Manfuder
250 _a2
942 _cBK
654 _aComputer
245 _aATM Networks
260 _bADDISON WESLEY
_aWokingham
_c1994
082 _a4.6
_bHAN
300 _a287
546 _aENGLISH
999 _c22911
_d22911